000 00324nam a22000977a 4500
999 _c24796
_d24796
003 Nust
005 20170406170320.0
008 150423b xxu||||| |||| 00| 0 eng d
020 _a9789746521024
_cAvailable
040 _aDLC
_bDLC
_cRCMS
082 _23rd, ed.
_a621.384131 BUL
100 _aScott R. Bullock, P.E.
245 _aTransceiver And System Design For Digital Communications
260 _aBangkok
_bSciTech Publishing Inc.
_cc2009
300 _bill, :
_c28 cm.
538 _iShelf # 12, Row # 3, System Engineering.
856 _3Table of Contents Only.
942 _2ddc
_cBK
_k621.384131 BUL